000 00685nam a2200265Ia 4500
005 20260302115335.0
008 008 260114s9999 xx 000 0 eng d
020 _a9798400694431
037 _aTextbook
040 _aCRL
040 _beng
040 _cCRL
041 _2eng
041 _aeng
084 _qCRL
100 _aKristine Ibsen
_91121352
245 4 _aThe Other Mirror Women's Narrative in Mexico, 1980-1995
260 _bBloomsbury
260 _bPraeger
260 _c1997
650 _aLiterary Studies
856 _uhttps://doi.org/10.5040/9798400694431?locatt=label:secondary_bloomsburyCollections
942 _cEBOOK
999 _c1685854
_d1685854